Access to and utilization of academic information by students and staff at Kabarak University / (Record no. 15354)

MARC details
000 -LEADER
fixed length control field 00732cam a22002052 4500
001 - CONTROL NUMBER
control field 0000020063
005 - DATE AND TIME OF LATEST TRANSACTION
control field 20151217161556.0
008 - FIXED-LENGTH DATA ELEMENTS--GENERAL INFORMATION
fixed length control field 110616s xx 000 0 eng d
040 ## - CATALOGING SOURCE
Original cataloging agency KABU
Transcribing agency KABU
100 1# - MAIN ENTRY--PERSONAL NAME
Personal name Rutto, Daniel Kiprotich.
-- 0000180114
245 10 - TITLE STATEMENT
Title Access to and utilization of academic information by students and staff at Kabarak University /
Statement of responsibility, etc. Daniel Kiprotich Rutto.
250 ## - EDITION STATEMENT
Edition statement 1st ed.
260 ## - PUBLICATION, DISTRIBUTION, ETC. (IMPRINT)
Place of publication, distribution, etc. Eldoret, Kenya :
Name of publisher, distributor, etc. Moi University,
Date of publication, distribution, etc. 2011.
300 ## - PHYSICAL DESCRIPTION
Extent xii, 173 leaves.
502 ## - DISSERTATION NOTE
Dissertation note Thesis ( M. Phil. ) - Moi University, 2011.
650 #0 - SUBJECT ADDED ENTRY--TOPICAL TERM
Topical term or geographic name as entry element Information resources
Geographic subdivision Kabarak University.
-- 0000180115
908 ## - PUT COMMAND PARAMETER (RLIN)
Put command parameter 110616
950 ## - LOCAL HOLDINGS (RLIN)
-- 1
Holdings
Withdrawn status Lost status Source of classification or shelving scheme Not for loan Home library Current library Date acquired Total Checkouts Full call number Barcode Date last seen Date last checked out Price effective from Koha item type
    Library of Congress Classification   Kabarak, Main Campus Kabarak, Main Campus 17/12/2015 1 ZA3060 .K33R88 2011 c. 1 18962 10/11/2016 10/11/2016 17/12/2015 Thesis, Dissertation and Projecs
Designed with assistance from East African Informatics Ltd